000 00493nam a2200169Ia 4500
999 _c26982
_d26982
003 OSt
005 20201216160429.0
008 190216s9999||||xx |||||||||||||| ||und||
040 _coclc
082 _a894.812
_bBAL/V
100 _aBalram, N E
_96794
245 0 _aViswa Maha Kavi Raveendranatha Tagore /
_cN E Balram
260 _bPoorna Publication,
_aKozhikode:
_c1990.
300 _a320p
650 _aLekhanam
942 _cBK
_2ddc
_h894.812
_iBAL/V
_k894.812
_mBAL/V